A STUDY OF MINE MANAGEMENT LEGISLATION AND GENERAL SAFETY (Record no. 5389)

MARC details
000 -LEADER
fixed length control field 00385nam a22001577a 4500
005 - DATE AND TIME OF LATEST TRANSACTION
control field 20170401153442.0
008 - FIXED-LENGTH DATA ELEMENTS--GENERAL INFORMATION
fixed length control field 170401b xxu||||| |||| 00| 0 eng d
041 ## - LANGUAGE CODE
Language code of text/sound track or separate title eng
100 ## - MAIN ENTRY--AUTHOR NAME
Personal name GHATAK, S
245 ## - TITLE STATEMENT
Title A STUDY OF MINE MANAGEMENT LEGISLATION AND GENERAL SAFETY
250 ## - EDITION STATEMENT
Edition statement 17th
260 ## - PUBLICATION, DISTRIBUTION, ETC. (IMPRINT)
Name of publisher COAL FIELDS
Year of publication 2001
300 ## - PHYSICAL DESCRIPTION
Number of Pages 542
650 ## - SUBJECT ADDED ENTRY--TOPICAL TERM
Topical Term MINNING
942 ## - ADDED ENTRY ELEMENTS (KOHA)
Koha item type Books
Holdings
Lost status Damaged status Collection code Home library Current library Shelving location Date acquired Source of acquisition Full call number Accession Number Koha item type
    MINING JRU Library JRU Library SHELF-100-D 08/11/2023 PURCHASE 622 21629 Books
    MINING JRU Library JRU Library SHELF-100-D 30/01/2023 PURCHASE 622 21630 Books
      JRU Library   SHELF-7-A 14/02/2023 PURCHASE 622 21631 Books